| 000 | 00537nam a2200181 i 4500 | ||
|---|---|---|---|
| 001 | 75441 | ||
| 003 | ES-MaACL | ||
| 005 | 20240508063036.0 | ||
| 007 | t| | ||
| 008 | 040924s1970 sp ||||1| spa d | ||
| 100 | 1 |
_aGoytisolo, José Agustín, _d1928- _959420 |
|
| 245 | 1 | 0 |
_aNueva poesía cubana _b: antología poética / _cJosé Agustín Goytisolo. |
| 250 | _a[1ª ed.]. | ||
| 260 |
_a[Barcelona] : _bPenínsula, _c[1970] |
||
| 300 |
_a236 p. ; _c18 cm. |
||
| 852 |
_aES-MaACL _jC-40590 _bR.73339 |
||
| 999 |
_c75441 _d75441 |
||